000 00927nam a22003137a 4500
003 CHAP
005 20220817041705.0
008 971013s1939 r 00010 d
010 _a21661
011 _a22633
035 _a26728
040 _cCHAP
082 _a627.8 b68s
100 0 0 _aBoulder Canyon Project. Final Reports.
_914753
245 _aStres studies for Boulder dam
260 _aDenver ; :
_b(s.e.),
_c1939
300 _a286 p.
_b: ilus.
490 _aPart 5 Bull
_v; 4
590 _aBATCH-UPD
_b10
_c20130110
_lUCH01
_h1421
590 _aBATCH-UPD
_b10
_c20130410
_lUCH01
_h0903
590 _aBATCH-UPD
_b10
_c20130914
_lUCH01
_h1640
590 _aCONVERSION
_b10
_c20130109
_lUCH01
_h1313
650 1 4 _aIngenierĂ­a hidrĂ¡ulica.
_958235
650 1 4 _aPresas.
_991480
830 0 _aPart 5 Bull
_v; 4
901 _aBK
942 _cLIBRO
949 _a627.8 b68s
_bBC
_cLIBRO
_d33724000022604
_eLIBRO
_h19140
_i26728
_si
999 _c21661
_d21661